Manifest (Record no. 364826)
[ view plain ]
| 000 -LEADER | |
|---|---|
| fixed length control field | 00359 a2200145 4500 |
| 005 - DATE AND TIME OF LATEST TRANSACTION | |
| control field | 20250514123317.0 |
| 008 - FIXED-LENGTH DATA ELEMENTS--GENERAL INFORMATION | |
| fixed length control field | 250514b |||||||| |||| 00| 0 eng d |
| 020 ## - INTERNATIONAL STANDARD BOOK NUMBER | |
| International Standard Book Number | 9780241539590 |
| 041 ## - LANGUAGE CODE | |
| Language code of text/sound track or separate title | English |
| 100 ## - MAIN ENTRY--PERSONAL NAME | |
| Author | Nafousi R. |
| 245 ## - TITLE STATEMENT | |
| Title | Manifest |
| Remainder of title | : 7 Steps To Living Your Best Life |
| 260 ## - PUBLICATION, DISTRIBUTION, ETC. | |
| Name of publisher, distributor, etc. | Penguin |
| Date of publication, distribution, etc. | 2022 |
| 300 ## - PHYSICAL DESCRIPTION | |
| Extent | 184 |
| 942 ## - ADDED ENTRY ELEMENTS (KOHA) | |
| Koha item type | Books |
| Withdrawn status | Lost status | Source of classification or shelving scheme | Damaged status | Not for loan | Home library | Current library | Date acquired | Vendor | Net Price | Total Checkouts | Full call number | Barcode | Date due | Date last seen | Date last checked out | Actual Price | Bill Date | Koha item type |
|---|---|---|---|---|---|---|---|---|---|---|---|---|---|---|---|---|---|---|
| Dewey Decimal Classification | Cummins College of Engineering for Women Pune | Cummins College of Engineering for Women Pune | 25/01/2025 | 63 | 479.20 | 24 | 158.1 NAF | CCEP-BK-68062 | 06/04/2026 | 23/03/2026 | 23/03/2026 | 599.00 | 25/01/2025 | Books | ||||
| Dewey Decimal Classification | Cummins College of Engineering for Women Pune | Cummins College of Engineering for Women Pune | 25/01/2025 | 63 | 479.20 | 11 | 158.1 NAF | CCEP-BK-68061 | 07/10/2025 | 24/09/2025 | 599.00 | 25/01/2025 | Books |